| 000 | 00750nam a22002177a 4500 | ||
|---|---|---|---|
| 005 | 20230608061243.0 | ||
| 008 | 230127b |||||||| |||| 00| 0 eng d | ||
| 020 | _a978-1-138-85142-9 | ||
| 082 | _a371.33 Sp741 2016 | ||
| 100 |
_aSpector, J. Michael, _eauthor. |
||
| 245 |
_aEducational technology: _bprogram and project evaluation / _cJ. Michael Spector, Allan H.K. Yuen. |
||
| 260 |
_aNew York : _bRouthledege, _cc2016. |
||
| 300 |
_axvii, 190p. : _bill. |
||
| 504 | _aIncludes references and index. | ||
| 541 | _e5846 | ||
| 650 |
_aEducational technology _xEvaluation |
||
| 650 |
_aComputer assisted instruction _xEvaluation |
||
| 650 | _aSchool management and organization | ||
| 650 | _aProject management | ||
| 700 |
_aYuen, Allan H.K., _eauthor. |
||
| 999 |
_c699 _d699 |
||